000 02243nam a2200397 i 4500
001 193314
003 SpMaBN
005 20250709194351.0
007 ta
008 231102s1999 sp | ||| ||spa
016 7 _abimoBNE20000845568
_2SpMaBN
017 _aB 48619-1999
_bOficina Depósito Legal Barcelona
020 _a8401327938
035 _a(OCoLC)433160173
035 _abimo0001503730
040 _aSpMaBN
_bspa
_cSpMaBN
_erdc
_dES-MaACL
080 _a821.134.2-31"19"
100 1 _aPérez Henares, Antonio,
_d1953-
_0XX1067255
_eaut
_9138463
245 1 0 _aNublares :
_b[una aventura de naturaleza, poder y sexo en la prehistoria peninsular] /
_cAntonio Pérez Henares
250 _aPrimera edición: enero, 2000
260 _aBarcelona :
_bPlaza & Janés,
_c2000.
300 _a270 páginas ;
_c24 cm
336 _2rdacontent
_aTexto
337 _2rdamedia
_asin mediación
338 _2rdacarrier
_avolumen
500 _aPrimer libro de la saga prehistórica.
520 _aNublares es un clan primitivo que ha formado una sociedad a pequeña escala, jerarquizada y con sus propias reglas. El protagonista, Ojo Largo, es uno de los jóvenes más destacados del clan: valeroso física e intelectualmente, es demasiado independiente y no acepta fácilmente las reglas. La lucha con la naturaleza, la iniciación a la vida, la pasión y el deseo que Ojo Largo siente por Mirlo, la mujer del brujo, trazan una novela de aventuras en la que están presentes nuestros valores ancestrales. Cuando sobre la tierra las pasiones de los hombres eran como sus propios miedos, en medio de una naturaleza hostil, la aventura de vivir se mostraba en toda su cruda realidad.
655 7 _aNovelas históricas
_2tgfbne
_9226782
852 _aES-MaACL
_9200757
_jN-9515
_bR.154736
_cDEPOJ
_hDonación: Antonio Pérez Henares
_gDedicatoria autógrafa del autor
_xEncuadernación cartoné con sobrecubiertas
903 _aPérez Henares, Antonio,
_d1953-
_ednr
_9138463
942 _n0
_cMONOGRAFIA
999 _c193314
_d193314